Расчет и экспериментальное проектирование стальных решетчатых прогонов из гнутосварных профилей (Запись № 9925808)

Подробности
000 -МАРКЕР
контрольное поле 03103nam0a2200385 i 4500
001 - ИДЕНТИФИКАТОР ЗАПИСИ
контрольное поле RU\NLR\BIBL_A\010450501
005 - ИДЕНТИФИКАТОР ВЕРСИИ
контрольное поле 20240921215044.0
010 ## - МЕЖДУНАРОДНЫЙ СТАНДАРТНЫЙ НОМЕР КНИГИ (ISBN)
Номер (ISBN) 9785905989452
Тираж 100
021 ## - НОМЕР ГОСУДАРСТВЕННОЙ РЕГИСТРАЦИИ
Код страны Российская Федерация
Номер 2014-42305
Номер Листа государственной регистраци 2576
035 ## - ДРУГИЕ СИСТЕМНЫЕ НОМЕРА
Идентификатор записи (NILC)RuMoRGB-007505140
035 ## - ДРУГИЕ СИСТЕМНЫЕ НОМЕРА
Идентификатор записи (NLR Aleph) 010450501
100 ## - ДАННЫЕ ОБЩЕЙ ОБРАБОТКИ
Данные общей обработки 20140812d2014 u y0rusy50 ca
101 0# - ЯЗЫК РЕСУРСА
Язык текста, звукозаписи и т.д. русский
102 ## - СТРАНА ПУБЛИКАЦИИ ИЛИ ПРОИЗВОДСТВА
Страна публикации Российская Федерация
105 ## - ПОЛЕ КОДИРОВАННЫХ ДАННЫХ: ТЕКСТОВЫЕ МАТЕРИАЛЫ, МОНОГРАФИЧЕСКИЕ
Кодированные данные о монографическом текстовом документе a|||j|||001yy
200 1# - ЗАГЛАВИЕ И СВЕДЕНИЯ ОБ ОТВЕТСТВЕННОСТИ
Основное заглавие Расчет и экспериментальное проектирование стальных решетчатых прогонов из гнутосварных профилей
Сведения, относящиеся к заглавию учебное (справочное) пособие по дисциплинам "Теоретическая механика", "Сопротивление материалов", "Строительная механика", "Металлические конструкции" ("Строительные конструкции"), "Научно-промышленный эксперимент" ("Научно-инженерный эксперимент") для студентов направления 270100 - Строительство
Первые сведения об ответственности А.С. Марутян
Последующие сведения об ответственности М-во образования и науки Рос. Федерации, Сев.-Кавк. федер. ун-т, Фил. в г. Пятигорске, Инженер. фак., Каф. стр-ва
210 ## - ПУБЛИКАЦИЯ, РАСПРОСТРАНЕНИЕ И ДР.
Место издания, распространения и т.д. Пятигорск
Имя издателя, распространителя и т. д. ПФ СКФУ
Дата издания, распространения и т.д. 2014
215 ## - ФИЗИЧЕСКАЯ ХАРАКТЕРИСТИКА
Специфическое обозначение материала и объем 115 с.
Другие сведения о физической характеристике ил.
Размеры 20
300 ## - ОБЩИЕ ПРИМЕЧАНИЯ
Текст примечания На 3-й с. обл. авт.: А.С. Марутян, доц., к.т.н., проф.
311 ## - ПРИМЕЧАНИЯ, ОТНОСЯЩИЕСЯ К ПОЛЯМ СВЯЗИ (ПРИМЕЧАНИЯ О СВЯЗИ С ДРУГИМИ ПРОИЗВЕДЕНИЯМИ (ИЗДАНИЯМИ))
Текст примечания Продолж. пособия "Проектирование легких металлоконструкций из перекрестных систем, включая модули типа Пятигорск"
320 ## - ПРИМЕЧАНИЯ О НАЛИЧИИ В ДОКУМЕНТЕ БИБЛИОГРАФИИ / УКАЗАТЕЛЯ
Текст примечания Библиогр.: с. 72-74 (40 назв.)
488 #0 - ДРУГИЕ ВЗАИМОСВЯЗАННЫЕ ПРОИЗВЕДЕНИЯ (ДОКУМЕНТЫ)
Встроенное поле 2001#$aПроектирование легких металлоконструкций из перекрестных систем, включая модули типа Пятигорск
Заглавие Проектирование легких металлоконструкций из перекрестных систем, включая модули типа Пятигорск
606 ## - НАИМЕНОВАНИЕ ТЕМЫ КАК ПРЕДМЕТ
Наименование темы Металлические фермы сварные
Тематический подзаголовок Проектирование
Системный номер авторитетной/нормативной записи 2154132
Идентификатор авторитетной/нормативной записи RU\NLR\AUTH\661601717
606 ## - НАИМЕНОВАНИЕ ТЕМЫ КАК ПРЕДМЕТ
Наименование темы Перекрестно-стержневые конструкции металлические
Формальный подзаголовок Справочники
Тематический подзаголовок Проектирование
Системный номер авторитетной/нормативной записи 2199049
Идентификатор авторитетной/нормативной записи RU\NLR\AUTH\6601556581
606 1# - НАИМЕНОВАНИЕ ТЕМЫ КАК ПРЕДМЕТ
Наименование темы Металлические фермы сварные
Формальный подзаголовок Справочники
Тематический подзаголовок Проектирование
Системный номер авторитетной/нормативной записи 2154132
Идентификатор авторитетной/нормативной записи RU\NLR\AUTH\661601717
610 0# - НЕКОНТРОЛИРУЕМЫЕ ПРЕДМЕТНЫЕ ТЕРМИНЫ
Предметный термин перекрёстные стальные фермы
610 0# - НЕКОНТРОЛИРУЕМЫЕ ПРЕДМЕТНЫЕ ТЕРМИНЫ
Предметный термин модули типа "Пятигорск"
686 1# - ИНДЕКСЫ ДРУГИХ КЛАССИФИКАЦИЙ
Индекс Н549я22
700 #1 - ИМЯ ЛИЦА - ПЕРВИЧНАЯ ОТВЕТСТВЕННОСТЬ
Начальный элемент ввода Марутян
Часть имени, кроме начального элемента ввода А. С.
Даты 1957-
Расширение инициалов личного имени Александр Суренович
801 #0 - ИСТОЧНИК ЗАПИСИ
Страна Российская Федерация
Организация РГБ
Дата составления 20140610
Правила каталогизации RCR
942 ## - ДОПОЛНИТЕЛЬНЫЕ ЭЛЕМЕНТЫ ЗАПИСИ (АБИС)
Тип экземпляра АБИС Книга
980 ## - КОЛЛЕКЦИЯ
Название коллекции НБР

Нет доступных экземпляров.